000 01132cam a2200265 i 4500
003 SA-RiAUC
005 20250901081052.0
008 250830s1974 le g 000 p ara c
040 _aSA-JeALM
_bara
_cSA-RiAUC
_erda
082 0 4 _a811.062
090 _a811.062
_bا م ا
100 1 _aالإمام الشافعي، محمد بن إدريس بن العباس،
_d150-204 هجري
_eمؤلف.
245 1 0 _aديوان الشافعي /
_cمحمد بن إدريس بن العباس الشافعي ؛ علق عليه محمد عفيف الزعبي.
250 _aالطبعة الثالثة.
264 1 _aحمص,سوريا :
_bمكتبة المعرفة.
_c1974
300 _a103 صفحة ؛
_c24 سم
336 _aنص
_btxt
_2rdacontent
_3كتاب
337 _aبدون وسيط
_bn
_2rdamedia
338 _aمجلد
_bnc
_2rdacarrier
650 7 _aالشعر العربي الديني
_yالعصر العباسي
_2aucsh
650 7 _aالشعر العربي
_yالعصر العباسي
_2aucsh
700 1 _aالزعبي، محمد عفيف
_eمعلق.
942 _2ddc
_cBOOK
_n0
949 _aSA-JeALM
_d250830
_umohamedma123
_n1
999 _c11334
_d11334